000 00419nam a2200157 i 4500
001 61789
003 ES-MaACL
005 20230906164537.0
007 t|
008 031113s1918 fr ||||1| fre d
100 1 _aFarrère, Claude.
_948900
245 1 4 _aLes petites alliës
_b: roman /
_cClaude Farrere.
260 _aParís :
_b[s.n.,
_c1918] (
_fLahure)
300 _a284 p. ;
_c19 cm.
852 _aES-MaACL
_jF-10014
999 _c61789
_d61789